Statistics for Guess the Taylor Swift song no hints #9

Click here to take the quiz!

General Stats

  • This quiz has been taken 63 times
  • The average score is 186 of 238

Answer Stats

Answer% Correct
a
100%
You
100%
you
100%
I
98%
me
98%
the
98%
do
96%
your
96%
Your
96%
My
94%
my
94%
it
93%
of
93%
no
91%
No
91%
This
91%
as
89%
in
89%
was
89%
when
89%
on
87%
so
87%
did
85%
know
85%
what
85%
they
83%
Don't
81%
but
80%
But
80%
for?
80%
just
80%
one
78%
only
78%
has
76%
knew
76%
have
74%
left
74%
would
74%
From
72%
from
72%
part
72%
want
72%
world
72%
am
70%
back
70%
down
70%
hoax
70%
other
70%
"Give
69%
what's
69%
blue
67%
dark
67%
let
67%
New
67%
reason"
67%
still
67%
won
67%
believe
65%
come
65%
heart
65%
loves
65%
love's
65%
sadness
65%
shade
65%
York
65%
apart
63%
died
63%
gun
63%
hero
63%
hurts
63%
keeping
63%
night
63%
point
63%
pulled
63%
scars
63%
score?
63%
Screaming
63%
screaming
63%
broken
61%
door
61%
hard
61%
movie
61%
sun
61%
undone
61%
cliffside
59%
faithless
59%
hand
59%
smoking
59%
underneath
59%
Darling
57%
eclipsed
57%
password
57%
kingdom
56%
Stood
56%
best
54%
fight
54%
ground
54%
fire
52%
frozen
52%
barren
50%
drum
50%
land
50%
plan
50%
ash
48%
beaten
48%
laid
48%
sleepless
48%
twisted
48%
win-less
48%
knife
46%
sleight
44%

Score Distribution

Percentile by Number Answered

Percent of People with Each Score

Your Score History

You have not taken this quiz